| 000 | 00626cam a2200241 a 4500 | ||
|---|---|---|---|
| 001 | 77247 | ||
| 003 | BD-RjUL | ||
| 005 | 20211209082941.0 | ||
| 008 | 200308s1946 enk 000 0 eng d | ||
| 035 | _a(BD-RjUL)77472 | ||
| 035 | _a2520664 | ||
| 040 |
_aANL _beng _cANL |
||
| 041 | _aeng | ||
| 082 | 0 | 4 |
_a821.91 _2SIS 1946 _b19 |
| 100 | 1 |
_aSitwell, Edith, _d1887-1964. _9240468 |
|
| 245 | 1 | 4 |
_aThe song of the cold / _cby Edith Sitwell. |
| 260 |
_aLondon : _bMacmillan, _c1946. |
||
| 300 |
_a115 p. ; _c23 cm |
||
| 650 |
_aEnglish Literature _9240469 |
||
| 942 |
_2ddc _cBK |
||
| 999 |
_c77247 _d77247 |
||